[Event "AUTO-OPEN-3176"]
[Site "http://www.queenalice.com/game.php?id=1252101"]
[Date "2014.1.28"]
[Round "1"]
[White "maurice91"]
[Black "nonato"]
[Result "0-1"]
[WhiteElo "1837"]
[BlackElo "1966"]

1. d4 Nf6 2. c4 g6 3. Nc3 Bg7 4. Nf3 O-O 5. g3 d6 6. e4 Re8 7. Bg2 Nc6 8. O-O a6
9. a3 e5 10. d5 Ne7 11. Bg5 h6 12. Bxf6 Bxf6 13. Nd2 Rb8 14. a4 Bg7 15. f4 exf4
16. gxf4 f5 17. Qc2 fxe4 18. Ncxe4 Nf5 19. Nf3 Ne3 20. Qd3 Nxf1 21. Rxf1 Bf5 22.
Nfd2 Bxb2 23. Qb3 Bd4+ 24. Kh1 Qd7 25. h3 b5 26. cxb5 Bg7 27. Qc4 axb5 28. axb5
Rxb5 29. Rc1 Rb7 30. Kh2 Rc8 31. Rc3 Qb5 32. Qxb5 Rxb5 33. Rd3 Rb2 34. Kg3 Ra8
35. Bf3 Ra4 36. Re3 Rd4 37. Nb3 Rxb3 38. Rxb3 Bxe4 39. Bxe4 Rxe4 0-1

[Event "AUTO-OPEN-3176"]
[Site "http://www.queenalice.com/game.php?id=1252102"]
[Date "2014.1.28"]
[Round "1"]
[White "nonato"]
[Black "mariuszhagel"]
[Result "1-0"]
[WhiteElo "1651"]
[BlackElo "1880"]

1. e4 e5 2. Nf3 d6 3. Bc4 Nf6 4. d3 Be6 5. Bb3 Nc6 6. c3 Bxb3 7. Qxb3 b6 8. Bg5
Be7 9. O-O O-O 10. Nbd2 Ng4 11. Bxe7 Qxe7 12. h3 Nf6 13. Nc4 a5 14. Ne3 Rad8 15.
Nd5 Nxd5 16. Qxd5 Nb8 17. Rac1 a4 18. Qc4 Qd7 19. d4 b5 20. Qd3 c5 21. dxc5 dxc5
22. Qxd7 Nxd7 23. Rfd1 f6 24. Rd5 b4 25. cxb4 cxb4 26. Rc7 Nb6 27. Rb5 Na8 28.
Ra7 b3 29. axb3 axb3 30. Rbb7 Rfe8 31. Rxg7+ Kh8 32. Rxh7+ Kg8 33. Rag7+ Kf8 34.
Nh4 1-0

[Event "AUTO-OPEN-3176"]
[Site "http://www.queenalice.com/game.php?id=1252103"]
[Date "2014.1.28"]
[Round "1"]
[White "mariuszhagel"]
[Black "nonato"]
[Result "0-1"]
[WhiteElo "1882"]
[BlackElo "1861"]

1. e4 d5 2. exd5 Qxd5 3. Nc3 Qd8 4. Nf3 Nf6 5. d3 Bg4 6. Be2 e6 7. h3 Bh5 8. Bg5
Be7 9. Ne5 Bxe2 10. Qxe2 c6 11. O-O O-O 12. Rfe1 Nbd7 13. Nxd7 Nxd7 14. Bxe7
Qxe7 15. Ne4 Nb6 16. d4 Nd5 17. c4 Nf4 18. Qg4 Nd3 19. Re2 f5 20. Qg3 fxe4 21.
Rxe4 Nb4 22. a3 Na6 23. Rae1 Rf6 24. d5 cxd5 25. cxd5 Nc5 26. Re5 Re8 27. b4 Rg6
28. Qe3 Nd7 29. Rxe6 Rxe6 30. dxe6 Nb6 31. f4 Nc8 32. g4 a6 33. f5 Qf6 34. Rd1
Rd8 35. Rc1 Ne7 36. Kh1 Nc6 37. Qb6 Qd4 38. Qxb7 Qe4+ 39. Kh2 Qf4+ 40. Kg2 Rd2+
0-1

[Event "AUTO-OPEN-3176"]
[Site "http://www.queenalice.com/game.php?id=1252104"]
[Date "2014.1.28"]
[Round "1"]
[White "nonato"]
[Black "novoselic"]
[Result "1-0"]
[WhiteElo "2095"]
[BlackElo "2085"]

1. e4 c5 2. Nc3 e6 3. g3 d5 4. Bg2 Nf6 5. d3 Nc6 6. Nge2 Be7 7. O-O O-O 8. h3
Rb8 9. a3 b5 10. Bg5 Nxe4 11. Bxe7 Nxc3 12. Bxd8 Nxd1 13. Bc7 Rb7 14. Bd6 Rd8
15. Bxc5 Bd7 16. Rfxd1 h6 17. c3 Rc8 18. Be3 Ne7 19. d4 Nf5 20. Bf4 a5 21. b4 a4
22. Rac1 f6 23. Bh1 g5 24. Bd2 Bc6 25. Be1 Kg7 26. Rc2 Bd7 27. Kh2 Be8 28. Nc1
Rbc7 29. Re2 Bg6 30. Nd3 Nd6 31. Nc5 1-0

[Event "AUTO-OPEN-3176"]
[Site "http://www.queenalice.com/game.php?id=1252105"]
[Date "2014.1.28"]
[Round "1"]
[White "novoselic"]
[Black "nonato"]
[Result "0-1"]
[WhiteElo "2068"]
[BlackElo "2020"]

1. f4 e5 2. fxe5 d6 3. exd6 Bxd6 4. Nf3 Nf6 5. d4 Bg4 6. Bg5 Nbd7 7. Nc3 h6 8.
Bxf6 Nxf6 9. Qd3 O-O 10. O-O-O c6 11. h3 Be6 12. e4 Bb4 13. e5 Nd5 14. Ne4 Qa5
15. c3 Be7 16. Kb1 Nf4 17. Qd2 Qxa2+ 18. Kc1 Bb3 19. Qxf4 Qa1+ 20. Kd2 Qxd1+ 21.
Ke3 Qc1+ 22. Nfd2 Bd5 23. Kf3 Bg5 0-1

[Event "Jogo rápido"]
[Site "http://www.queenalice.com/game.php?id=1257866"]
[Date "2014.2.18"]
[Round "-"]
[White "nonato"]
[Black "gedalias"]
[Result "1-0"]
[WhiteElo "2204"]
[BlackElo "2020"]

1. e4 c5 2. Nc3 Nc6 3. d3 Nf6 4. g3 d5 5. exd5 Nxd5 6. Bg2 e6 7. Nge2 g6 8. Rb1
Bg7 9. O-O O-O 10. Bd2 Rb8 11. a3 a6 12. h3 b5 13. Qc1 Bb7 14. Kh2 Qd7 15. Bh6
Bxh6 16. Qxh6 Nce7 17. Ne4 Nf5 18. Qd2 Qc7 19. c3 c4 20. d4 Rbd8 21. Nc5 Bc8 22.
Nf4 Nxf4 23. Qxf4 Qxf4 24. gxf4 h5 25. Rfe1 Rd6 26. Bf3 Kg7 27. Rbd1 Rfd8 28.
Re2 Ne7 29. Rg1 Kh6 30. Ne4 Rb6 31. Nf6 Bb7 32. Be4 Bxe4 33. Nxe4 Nd5 34. Kg3 f6
35. Nc5 Rdd6 36. Rge1 Nc7 37. Ne4 Rd7 38. Nxf6 Rf7 39. Ne4 Nd5 40. Ng5 Rxf4 41.
Nxe6 h4+ 42. Kg2 Rf5 43. Re5 Nf4+ 44. Nxf4 Rxf4 45. Re6 Rf6 46. Rxb6 Rxb6 47.
Re5 g5 48. d5 Rf6 49. Re6 Kg6 50. Rxf6+ Kxf6 51. Kf3 Ke5 52. Kg4 Kxd5 53. f3 a5
54. Kxg5 Kc5 55. Kg6 b4 56. a4 bxc3 57. bxc3 Kd5 58. f4 Ke4 59. f5 Kd3 60. f6
Kxc3 61. f7 Kb2 62. f8=Q c3 63. Qf6 Kb3 64. Qb6+ Ka2 65. Qxa5 c2 66. Qc3 Kb1 67.
Qb3+ 1-0

[Event "AUTO-MASTER-2038"]
[Site "http://www.queenalice.com/game.php?id=1258129"]
[Date "2014.2.19"]
[Round "1"]
[White "nonato"]
[Black "gedalias"]
[Result "1-0"]
[WhiteElo "2151"]
[BlackElo "2014"]

1. e4 c5 2. Nc3 Nc6 3. d3 e6 4. g3 g6 5. Bg2 Bg7 6. Nge2 Nge7 7. O-O O-O 8. Rb1
d5 9. a3 d4 10. Na2 a5 11. Bd2 Ne5 12. b3 b5 13. h3 Rb8 14. Qe1 Ba6 15. Bxa5 Qd7
16. Kh2 c4 17. Qd2 c3 18. Qd1 N5c6 19. Bb4 e5 20. Ra1 Bb7 21. Bc5 f5 22. f3 fxe4
23. fxe4 Rxf1 24. Qxf1 Rf8 25. Qe1 Bh6 26. Ng1 Rf6 27. Nf3 g5 28. g4 Ng6 29. Nc1
Nf4 30. Bh1 Rg6 31. Ne2 Bg7 32. Nxf4 gxf4 33. Qh4 Bf6 34. Qh5 Qg7 35. Rg1 Bc8
36. g5 Be7 37. Bxe7 Qxe7 38. Nh4 Rg7 39. Nf5 Bxf5 40. exf5 Qc7 41. Qe8# 1-0

[Event "AUTO-MASTER-2038"]
[Site "http://www.queenalice.com/game.php?id=1258130"]
[Date "2014.2.19"]
[Round "1"]
[White "gedalias"]
[Black "nonato"]
[Result "0-1"]
[WhiteElo "2020"]
[BlackElo "2180"]

1. g3 g6 2. e4 Bg7 3. Bg2 d6 4. Nf3 Nf6 5. Nc3 Nc6 6. d4 O-O 7. O-O Re8 8. Bg5
h6 9. Bxf6 Bxf6 10. Qd2 Bg7 11. e5 dxe5 12. dxe5 Qxd2 13. Nxd2 Nxe5 14. Nde4 c6
15. Na4 Nc4 16. c3 Bf5 17. b3 Nd6 18. Nxd6 exd6 19. Rac1 Re2 20. c4 Rae8 21. Nc3
Bxc3 22. Rxc3 Rxa2 23. Bf3 a6 24. g4 Be6 25. Re1 Rd2 26. Rce3 Kf8 27. h3 Bd7 28.
Rxe8+ Bxe8 29. Re3 Bd7 30. Kg2 Be6 31. Kg3 d5 32. cxd5 Bxd5 33. Bxd5 Rxd5 34. f4
c5 35. h4 b5 36. Kf3 Rd4 37. Rc3 c4 38. bxc4 Rxc4 39. Ra3 Ra4 40. Rb3 b4 41. Ke4
a5 42. f5 Ke7 43. g5 hxg5 44. hxg5 gxf5+ 45. Kxf5 Ra3 46. Rb1 Rf3+ 47. Kg4 Rc3
48. Re1+ Kf8 49. Kf5 Kg7 50. Re5 a4 0-1

[Event "AUTO-MASTER-2038"]
[Site "http://www.queenalice.com/game.php?id=1258131"]
[Date "2014.2.19"]
[Round "1"]
[White "nonato"]
[Black "Bobtzu"]
[Result "0-1"]
[WhiteElo "2276"]
[BlackElo "2157"]

1. f4 c5 2. Nf3 Nc6 3. b3 b6 4. e3 Bb7 5. Bb2 Nf6 6. Nc3 Qc7 7. a3 a6 8. Rc1 d5
9. Be2 e6 10. O-O Bd6 11. d3 Ne7 12. Nb1 c4 13. d4 Nf5 14. Qe1 Nxe3 15. Ne5 Nxf1
16. Qxf1 b5 17. b4 Ne4 18. Re1 a5 19. Qf3 axb4 20. axb4 Ra2 21. Bc1 Rxc2 22. Bf1
Bxb4 23. Rd1 Ra2 24. f5 exf5 25. Qxf5 Bc8 26. Qh5 Nf6 27. Qg5 O-O 28. Qg3 Re8
0-1

[Event "AUTO-MASTER-2038"]
[Site "http://www.queenalice.com/game.php?id=1258132"]
[Date "2014.2.19"]
[Round "1"]
[White "Bobtzu"]
[Black "nonato"]
[Result "0-1"]
[WhiteElo "2173"]
[BlackElo "2239"]

1. e4 d5 2. exd5 Qxd5 3. Nc3 Qd8 4. d4 Nf6 5. Nf3 Bg4 6. Be2 e6 7. O-O Be7 8. h3
Bh5 9. Be3 c6 10. Ng5 Bxe2 11. Qxe2 O-O 12. Nge4 Nbd7 13. Rad1 h6 14. Qf3 Qa5
15. a3 a6 16. Qg3 Kh7 17. f4 Nxe4 18. Nxe4 Qf5 19. Qf3 Nf6 20. Nxf6+ Bxf6 21. c3
Qd5 22. f5 Qxf5 23. Qxf5+ exf5 24. Rxf5 Rae8 25. Kf2 Bd8 26. Bd2 f6 27. Re1 Rxe1
28. Bxe1 Bb6 0-1

[Event "Challenge"]
[Site "http://www.queenalice.com/game.php?id=1266686"]
[Date "2014.3.20"]
[Round "-"]
[White "nonato"]
[Black "tucot"]
[Result "0-1"]
[WhiteElo "2180"]
[BlackElo "2332"]

1. f4 Nf6 2. Nf3 c5 3. b3 g6 4. Bb2 Bg7 5. e3 d6 6. Be2 O-O 7. O-O e5 8. fxe5
Ng4 9. h3 Nxe5 10. Nxe5 dxe5 11. Nc3 f5 12. d3 Qg5 13. Nd5 Nc6 14. Qc1 f4 15.
exf4 exf4 16. Bxg7 Kxg7 17. Bf3 Nd4 18. Qd2 Nxf3+ 19. Rxf3 Qxd5 20. Re1 Qd4+ 21.
Kh1 g5 22. a4 Rf7 23. Re8 b6 24. Rf1 Bb7 25. Re6 Raf8 26. Qe2 f3 0-1

[Event "Challenge"]
[Site "http://www.queenalice.com/game.php?id=1266687"]
[Date "2014.3.20"]
[Round "-"]
[White "nonato"]
[Black "tucot"]
[Result "0-1"]
[WhiteElo "2194"]
[BlackElo "2324"]

1. f4 Nf6 2. Nf3 c5 3. b3 g6 4. Bb2 Bg7 5. e3 O-O 6. Be2 Nc6 7. Nc3 d5 8. O-O d4
9. exd4 cxd4 10. Nb5 Nd5 11. Nfxd4 Qb6 12. c3 a6 13. Na3 Nxd4 14. cxd4 Bxd4+ 15.
Bxd4 Qxd4+ 16. Kh1 Nxf4 17. Bf3 e5 18. Qc2 Bf5 19. Qc3 Qxc3 20. dxc3 Rab8 21.
Nc4 Bd3 22. Rfe1 Bxc4 23. bxc4 Nd3 24. Re2 f5 25. Bd5+ Kg7 0-1

[Event "Challenge"]
[Site "http://www.queenalice.com/game.php?id=1270688"]
[Date "2014.4.5"]
[Round "-"]
[White "nonato"]
[Black "eddval"]
[Result "0-1"]
[WhiteElo "2153"]
[BlackElo "2274"]

1. Nf3 d5 2. g3 Bf5 3. d3 h6 4. Bg2 e6 5. b3 Nf6 6. Bb2 Nbd7 7. Nbd2 Be7 8. O-O
c6 9. Rc1 O-O 10. c4 Bh7 11. h3 Rc8 12. a3 Qb6 13. Kh2 Rfd8 14. b4 a5 15. c5 Qc7
16. Nb3 axb4 17. axb4 b6 18. Qd2 bxc5 19. Nxc5 Bxc5 20. bxc5 Rb8 21. Bc3 Rb5 0-1

[Event "Challenge"]
[Site "http://www.queenalice.com/game.php?id=1270689"]
[Date "2014.4.5"]
[Round "-"]
[White "nonato"]
[Black "eddval"]
[Result "0-1"]
[WhiteElo "2235"]
[BlackElo "2259"]

1. d4 Nf6 2. c4 e6 3. Nf3 Bb4+ 4. Nc3 h6 5. a3 Bxc3+ 6. bxc3 O-O 7. e3 d6 8. Bd3
Nbd7 9. O-O b6 10. e4 e5 11. h3 Re8 12. Be3 exd4 13. cxd4 Nxe4 14. Qc2 Bb7 15.
a4 a5 16. Rfe1 Qf6 17. d5 Ndc5 18. Bd4 Qf4 19. Re2 Ng5 20. Nxg5 Qxd4 0-1

[Event "Challenge"]
[Site "http://www.queenalice.com/game.php?id=1278223"]
[Date "2014.5.2"]
[Round "-"]
[White "eddval"]
[Black "nonato"]
[Result "1-0"]
[WhiteElo "2247"]
[BlackElo "2261"]

1. d4 Nf6 2. Nf3 g6 3. c4 Bg7 4. Nc3 d6 5. e4 O-O 6. Be2 Nc6 7. d5 Nb8 8. h3
Nbd7 9. O-O a6 10. Rb1 b6 11. b4 h6 12. Bb2 a5 13. a3 Kh7 14. Nd4 Bb7 15. Nc6
Bxc6 16. dxc6 1-0

[Event "Challenge"]
[Site "http://www.queenalice.com/game.php?id=1278224"]
[Date "2014.5.2"]
[Round "-"]
[White "eddval"]
[Black "nonato"]
[Result "1-0"]
[WhiteElo "2265"]
[BlackElo "2168"]

1. e4 c5 2. Nf3 d6 3. d4 cxd4 4. Nxd4 g6 5. c4 Bg7 6. Be3 Nf6 7. Nc3 Bd7 8. Be2
Nc6 9. Qd2 O-O 10. h3 Rc8 11. O-O Ne5 12. b3 a6 13. Rac1 Nc6 14. f4 h6 15. Bf3
Kh7 16. Rfd1 Re8 17. Qf2 1-0